000 00785nam a2200241Ia 4500
003 GCL
008 140319s9999 xx 000 0 ara d
040 _aGCL /
_cGCL
082 0 4 _a658.562
_bس ا
100 1 _aسونيا محمد البكرى
245 1 0 _aادارة الجودة الكلية /
_cسونيا محمد البكرى
250 _aالاولى
260 _aالقاهرة :
_bالدار الجامعية ،
_c2004
300 _a363 ص ؛
_c24 سم
650 0 4 _aادارة الاعمال
650 0 4 _aادارة الانتاج
650 0 4 _aالمواصفات القياسية
650 0 4 _aضبط الانتاج
650 0 4 _aالايزو 9000
650 0 4 _aادارة الجودة
650 0 4 _aادارة الجودة الشاملة
942 _2ddc
_cBK
999 _c5923
_d5923